Mistrzowie olimpijscy w piłce nożnej - Statystyki

Ogólne statystyki
  • Ten quiz został rozwiązany 179 razy
  • Średni wynik to 16 z 25
Statystyki odpowiedzi
Rok Zwycięzca % Poprawnych
1992 Hiszpania
92%
1972 Polska
88%
2004 Argentyna
85%
2008 Argentyna
85%
1984 Francja
85%
1956 Związek Radziecki
78%
1988 Związek Radziecki
78%
1936 Włochy
77%
1924 Urugwaj
69%
1928 Urugwaj
69%
1960 Jugosławia
66%
1948 Szwecja
64%
2012 Meksyk
63%
1976 Niemcy Wschodnie
63%
1952 Węgry
61%
1964 Węgry
61%
1968 Węgry
61%
1908 Wielka Brytania
59%
1912 Wielka Brytania
59%
1920 Belgia
52%
1980 Czechosłowacja
52%
1996 Nigeria
52%
2000 Kamerun
35%
1904 Galt F.C.
1%
1900 Upton Park F.C.
1%
Nie znaleziono quizów pasujących do podanych kryteriów
Rozkład punktacji
Procent ludzi z każdym wynikiem
Percentyl według liczby udzielonych odpowiedzi
Twoja historia wyników
Nie rozwiązałeś tego quizu